000 00203 a2200097 4500
001 14841
100 _a
245 _aWhat is history fact or fancy
260 _a
_bRandom house
_c
090 _c11612
_d11612
942 _aNUST-CAE
_cM
_c1795
999 _c249914
_d249914